000 00780nam a2200217 i 4500
001 145793
003 ES-MaACL
005 20230906201321.0
007 t|
008 071017s1971 sp ||||1| spa d
100 1 _aVercel, Michel C.
_9113988
245 1 4 _aLos sobrevivientes de Nuremberg
_b: los "Señores de la Guerra" después del veredicto /
_cla colaboración para la documentación de Laurence Bastit ; [versión de José Luis Beltrán].
250 _a1ª ed.
260 _aBarcelona :
_bLuis de Caralt,
_c1971.
300 _a294 p., 4 h. de lám. ;
_c22 cm.
650 0 4 _aNuremberg, Proceso de, 1945-1946.
_915649
700 1 _aBastit, Laurence.
_9221146
700 1 _aBeltrán, José Luis.
_927342
852 _aES-MaACL
_jC-40934
_bR.79571
999 _c145793
_d145793